Éditorial (notice n° 1861925)
[ vue normale ]
| 000 -LEADER | |
|---|---|
| fixed length control field | 00984cam a2200157 4500500 |
| 005 - DATE AND TIME OF LATEST TRANSACTION | |
| control field | 20260329011448.0 |
| 041 ## - LANGUAGE CODE | |
| Language code of text/sound track or separate title | fre |
| 042 ## - AUTHENTICATION CODE | |
| Authentication code | dc |
| 100 10 - MAIN ENTRY--PERSONAL NAME | |
| Personal name | Woitchik, Philippe |
| Relator term | author |
| 245 00 - TITLE STATEMENT | |
| Title | Éditorial |
| 260 ## - PUBLICATION, DISTRIBUTION, ETC. | |
| Date of publication, distribution, etc. | 2026.<br/> |
| 500 ## - GENERAL NOTE | |
| General note | 64 |
| 520 ## - SUMMARY, ETC. | |
| Summary, etc. | La Preschool Autism Communication Therapy (pact) est un modèle d’intervention auprès des parents, basée sur de la guidance parentale par vidéo feedback. Il est destiné aux enfants porteurs de troubles du spectre de l’autisme diagnostiqués. Il s’agit de permettre au parent et à l’enfant de mieux communiquer grâce à la valorisation et au renforcement des compétences parentales. Nous présentons le contenu et l’intérêt de ce programme ainsi que des exemples de son utilisation en camsp. |
| 786 0# - DATA SOURCE ENTRY | |
| Note | Cahiers de psychologie clinique | 66 | 1 | 2026-03-12 | p. 9-10 | 1370-074X |
| 856 41 - ELECTRONIC LOCATION AND ACCESS | |
| Uniform Resource Identifier | <a href="https://shs.cairn.info/revue-cahiers-de-psychologie-clinique-2026-1-page-9?lang=fr&redirect-ssocas=7080">https://shs.cairn.info/revue-cahiers-de-psychologie-clinique-2026-1-page-9?lang=fr&redirect-ssocas=7080</a> |
Pas d'exemplaire disponible.




Réseaux sociaux